000 00598pab a2200181 454500
008 180718b2008 xxu||||| |||| 00| 0 eng d
100 _aSinha, Sumantra
245 _aAutonomy vis-a-vis accountability: are the scales of justice really balanced?'
260 _c2008
300 _ap.89-102.
362 _aJan-Mar
520 _aThe paper discusses various aspects of judicial administrative in the perspective of accountability and autonomy. - Reproduced.
650 _aAccountability
650 _aJudiciary
773 _aIndian Journal of Political Science
908 _aN
909 _a78435
999 _c78435
_d78435